00529nam a22001577a 450000500170000001000150001702000260003203500140005803700090007208200080008110000160008924500700010526000560017527001150023130000250034620220210142030.0 aENG-131502 a9789390679409c699.00 aEN-115034 bDBAD a880 aBedi, Kabir aStories I Must Tell:bThe Emotional Life of an Actor/cKabir Bedi aChennaibWestland Publication Private Limitedc2021 a1st Floor, A Block, East Wing, Plot No. 40 SP infocity, Dr. MGR Salai, Pergudi, KandanchavadibChennaie600096 aix, 297p.c22cm(hbk)